Flags Of The Top 50 Richest Countries - Statistics

General Stats
  • This quiz has been taken 44 times
  • The average score is 44 of 50
Answer Stats
Picture Answer % Correct
Australia
97%
Canada
97%
France
97%
Germany
97%
Greece
97%
Japan
97%
New Zealand
97%
Norway
97%
Portugal
97%
Saudi Arabia
97%
South Korea
97%
Spain
97%
Sweden
97%
Switzerland
97%
United Kingdom
97%
United States
97%
Finland
94%
Ireland
94%
Israel
94%
Italy
94%
Monaco
94%
Netherlands
94%
Austria
92%
Belgium
92%
Cyprus
92%
Czech Republic
92%
Denmark
92%
Iceland
92%
Uruguay
92%
Luxembourg
89%
Qatar
89%
Slovenia
89%
Malta
86%
Singapore
86%
Andorra
83%
Liechtenstein
83%
San Marino
83%
United Arab Emirates
83%
Bahrain
81%
Estonia
81%
Kuwait
81%
Latvia
81%
Taiwan
81%
Barbados
78%
Bahamas
75%
Lithuania
75%
Trinidad and Tobago
75%
Brunei
72%
Oman
72%
Seychelles
61%
No matching quizzes found
Score Distribution
Percent of People with Each Score
Percentile by Number Answered
Your Score History
You have not taken this quiz